| 000 | 00553nam a22001577a 4500 | ||
|---|---|---|---|
| 008 | 230628b |||||||| |||| 00| 0 eng d | ||
| 040 |
_aNational Science Library _cNational Science Library |
||
| 080 |
_a929:54 _bN3 |
||
| 100 | _aSharma, Vishwamitra | ||
| 245 |
_aभारत के महान वैज्ञानिक: _bप्रफुल्लचंद्र रॉय |
||
| 246 |
_aBharat ke Mahan vaigyanik: _bPrafullChandra Roy |
||
| 260 |
_aDelhi: _bShiksha Bharti, _c1993 |
||
| 300 | _a51p. | ||
| 650 | _aScience | ||
| 942 |
_2udc _cHBK |
||
| 999 |
_c48320 _d48320 |
||